[Event "VII Parsvnath Open"]
[Site "Nuova Delhi IND"]
[Date "2009.01.12"]
[Round "3"]
[White "Ismagambetov, An"]
[Black "Ramakrishna, J."]
[Result "1-0"]
[WhiteElo "2523"]
[BlackElo "2298"]
[PlyCount "159"]
[EventDate "2009.01.11"]
[Source "www.chesslib.no"]
[SourceDate "2004.05.04"]

1. e4 c5 2. Nf3 d6 3. d4 cxd4 4. Nxd4 Nf6 5. Nc3 Nc6 6. Bg5 e6 7. Qd2 a6 8. O-O-O Bd7 9. f4 Be7 10. Nf3 h6 11. Bxf6 gxf6 12. Ne2 Qc7 13. Ned4 O-O-O 14. g3 Kb8 15. Kb1 Nxd4 16. Nxd4 f5 17. exf5 e5 18. Ne2 Bxf5 19. Bg2 d5 20. fxe5 d4 21. Nf4 Rc8 22. Rc1 Qxe5 23. Rhe1 Qc5 24. Be4 Be6 25. Qg2 Rc7 26. Bd5 Bg5 27. Bxe6 Bxf4 28. gxf4 fxe6 29. Rxe6 d3 30. Re5 Qb4 31. Qe4 Qxe4 32. Rxe4 Rhc8 33. c3 Rg8 34. Rd1 Rg2 35. Rxd3 Rxh2 36. Rd8+ Ka7 37. a4 a5 38. Rd5 b6 39. Rd6 h5 40. Ree6 Rb7 41. Rh6 h4 42. Ka2 h3 43. Rdf6 Rh1 44. c4 h2 45. Kb3 Rg7 46. f5 Rg3+ 47. Ka2 Rg7 48. Rh3 Rc7 49. Rh4 Rg7 50. Rf8 Rc7 51. f6 Kb7 52. Kb3 Kc6 53. Rh6 Kb7 54. Rhh8 Rd7 55. Rb8+ Ka7 56. Rbf8 Kb7 57. Rh5 Kc6 58. f7 Kd6 59. Rd5+ Ke7 60. Rh8 Rf1 61. f8=Q+ Rxf8 62. Rh7+ Ke6 63. Rdxd7 h1=Q 64. Rde7+ Kd6 65. Rxh1 Kxe7 66. Rd1 Rf3+ 67. Kc2 Rf5 68. Kc3 Ke6 69. Rd8 Rf3+ 70. Kc2 Rf2+ 71. Kb3 Rf3+ 72. Ka2 Rf6 73. Rd5 Ke7 74. c5 bxc5 75. Rxc5 Ra6 76. Kb3 Kd6 77. Kc4 Rc6 78. Rxc6+ Kxc6 79. b3 Kb6 80. Kd5 1-0

[Event "Rotterdam k.o."]
[Site "Rotterdam NED"]
[Date "1990.??.??"]
[Round "1"]
[White "Riemersma, Liafbern"]
[Black "Cardon, Helmut"]
[Result "1-0"]
[WhiteElo "2420"]
[BlackElo "2400"]
[PlyCount "80"]
[EventDate "1990.??.??"]
[Source "www.chesslib.no"]
[SourceDate "2004.05.04"]

1. e4 c5 2. Nf3 d6 3. d4 cxd4 4. Nxd4 Nf6 5. Nc3 Nc6 6. Bg5 e6 7. Qd2 a6 8. O-O-O Bd7 9. f4 Be7 10. Kb1 b5 11. Bxf6 Bxf6 12. Nxc6 Bxc6 13. Qe3 Be7 14. e5 Qc7 15. Bd3 O-O 16. h4 b4 17. Ne2 Rfd8 18. Nd4 Bd5 19. Nf3 a5 20. Ng5 h6 21. Be4 Rac8 22. Rxd5 exd5 23. Bf5 dxe5 24. fxe5 Qc5 25. Qh3 Rc6 26. e6 Bxg5 27. hxg5 fxe6 28. Bxe6+ Kh8 29. Qf5 Qe7 30. gxh6 Rxe6 31. hxg7+ Kxg7 32. Rh7+ Kg8 33. Rxe7 Rxe7 34. b3 Rdd7 35. Qg6+ Kf8 36. Qa6 Ra7 37. Qc8+ Kg7 38. Qg4+ Kf6 39. Qd4+ Ke6 40. Qc5 Rec7 1-0

[Event "SWE Ch"]
[Site "Goteborg SWE"]
[Date "1990.??.??"]
[Round "?"]
[White "Svensson, Bengt"]
[Black "Schneider, Lars-Ake"]
[Result "0-1"]
[WhiteElo "2405"]
[BlackElo "2415"]
[PlyCount "62"]
[EventDate "1990.??.??"]
[Source "www.chesslib.no"]
[SourceDate "2004.05.04"]

1. e4 c5 2. Nf3 Nc6 3. d4 cxd4 4. Nxd4 Nf6 5. Nc3 d6 6. Bg5 e6 7. Qd2 a6 8. O-O-O Bd7 9. f4 Be7 10. Nf3 b5 11. e5 b4 12. exf6 bxc3 13. Qxc3 gxf6 14. Bh4 d5 15. Kb1 Na5 16. f5 Rc8 17. Qd2 Qc7 18. fxe6 fxe6 19. Bd3 Nc4 20. Bxc4 Qxc4 21. Rhe1 O-O 22. g4 Rf7 23. h3 e5 24. Rg1 Bb4 25. Qg2 Bc5 26. Rgf1 Be3 27. c3 d4 28. cxd4 exd4 29. b3 Qd5 30. Qb2 Bb5 31. Bf2 Qxf3 0-1

[Event "Internasjonal turnering"]
[Site "Gausdal NOR"]
[Date "1976.08.??"]
[Round "9"]
[White "Wibe, Terje Paul"]
[Black "Ermenkov, Evgenij P"]
[Result "1-0"]
[WhiteElo "2385"]
[BlackElo "2435"]
[PlyCount "85"]
[EventDate "1976.??.??"]
[Source "www.chesslib.no"]
[SourceDate "2004.05.04"]

1. e4 c5 2. Nf3 Nc6 3. d4 cxd4 4. Nxd4 Nf6 5. Nc3 d6 6. Bg5 e6 7. Qd2 a6 8. O-O-O Bd7 9. f4 Be7 10. Nf3 b5 11. Bd3 b4 12. Ne2 Qa5 13. Kb1 Qc5 14. h3 O-O 15. g4 Rfd8 16. Ng3 Be8 17. Qe2 Qb6 18. Bxf6 Bxf6 19. e5 dxe5 20. fxe5 Be7 21. Nh5 Qc5 22. Qe4 g6 23. Qf4 Rxd3 24. cxd3 gxh5 25. gxh5 Bd8 26. Qh6 Ne7 27. Rhg1+ Ng6 28. hxg6 fxg6 29. Ng5 Bxg5 30. Qxg5 b3 31. axb3 Bb5 32. d4 Qb4 33. Qe3 Bc6 34. Rc1 Bd5 35. Rc7 Qb6 36. Rgc1 Rf8 37. Rc8 Qb7 38. Rxf8+ Kxf8 39. Qf4+ Kg7 40. Qf6+ Kh6 41. h4 Be4+ 42. Ka1 Qd5 43. Qf4+ 1-0

[Event "Corr"]
[Site "?"]
[Date "1995.11.15"]
[Round "?"]
[White "Burgarth Ulrich (GER)"]
[Black "Ude Hans Eduard"]
[Result "1/2-1/2"]
[WhiteElo "2435"]
[BlackElo "2380"]
[PlyCount "75"]
[EventDate "1995.??.??"]
[Source "www.chesslib.no"]
[SourceDate "2004.05.04"]

1. e4 c5 2. Nf3 Nc6 3. d4 cxd4 4. Nxd4 Nf6 5. Nc3 d6 6. Bg5 e6 7. Qd2 a6 8. O-O-O Bd7 9. f4 Be7 10. Nb3 b5 11. Bxf6 gxf6 12. Kb1 Qb6 13. f5 h5 14. g3 Rc8 15. Ne2 Ne5 16. Bh3 Nc4 17. Qe1 Ne3 18. Rc1 e5 19. Nc3 a5 20. Nd1 Nc4 21. Nd2 a4 22. Nxc4 bxc4 23. Ka1 d5 24. c3 Rb8 25. exd5 Bc5 26. Rb1 O-O 27. Qe2 Rb7 28. Qxh5 Qb3 29. Re1 Rfb8 30. Qh6 Qc2 31. Qxf6 a3 32. Qg5+ Kf8 33. Qh6+ Ke7 34. d6+ Bxd6 35. Qg5+ f6 36. Qg7+ Kd8 37. Qg8+ Ke7 38. Qg7+ 1/2-1/2

[Event "SWE Ch"]
[Site "Sundsvall"]
[Date "1989.??.??"]
[Round "?"]
[White "Winsnes, Rikard"]
[Black "Schneider, Lars-Ake"]
[Result "1-0"]
[WhiteElo "2355"]
[BlackElo "2460"]
[PlyCount "161"]
[EventDate "1989.??.??"]
[Source "www.chesslib.no"]
[SourceDate "2004.05.04"]

1. e4 c5 2. Nf3 Nc6 3. d4 cxd4 4. Nxd4 Nf6 5. Nc3 d6 6. Bg5 e6 7. Qd2 a6 8. O-O-O Bd7 9. f4 Be7 10. Nf3 b5 11. e5 b4 12. exf6 bxc3 13. Qxc3 gxf6 14. Bh4 d5 15. Kb1 Na5 16. Bd3 Rc8 17. Qd4 Nc6 18. Qe3 Qa5 19. Nd4 Qb6 20. c3 Na5 21. Nf5 Qxe3 22. Nxe3 Bb5 23. Bc2 Nc4 24. Rhe1 Rg8 25. Nxc4 Bxc4 26. g3 h6 27. b3 Bb5 28. Kb2 Bc6 29. Re2 Kf8 30. Bh7 Rh8 31. Bd3 a5 32. Rde1 Kg7 33. g4 Bd6 34. Bg3 Rhd8 35. a3 Rb8 36. Ka2 Rd7 37. Bc2 Bb5 38. Rg2 Rc8 39. Re3 Bc5 40. Rf3 Bc6 41. Rd2 d4 42. Rf1 dxc3 43. Rxd7 Bxd7 44. Rf3 Bb6 45. a4 Bd4 46. Rd3 e5 47. fxe5 fxe5 48. Bxe5+ Bxe5 49. Rxd7 Bxh2 50. Rd5 Re8 51. Rc5 Re1 52. Rxa5 Re2 53. Kb1 Re1+ 54. Ka2 Rc1 55. Bf5 Bd6 56. Rb5 Kf6 57. Rb6 Ke5 58. a5 Bc5 59. Rb5 Kd6 60. b4 Bd4 61. Kb3 Rf1 62. Be4 Bg7 63. Rd5+ Ke6 64. a6 Ra1 65. b5 Bf8 66. Kxc3 Ra4 67. Rd8 Bc5 68. Rc8 Bg1 69. Rc6+ Ke5 70. Bc2 Ra1 71. Rxh6 f6 72. Kb3 Bd4 73. Rh8 Bc5 74. Rc8 Kd5 75. Rd8+ Ke5 76. Kc4 Bg1 77. Rd5+ Kf4 78. Bf5 Ra4+ 79. Kb3 Ra1 80. Kb2 Ra4 81. Kb3 1-0